000 00497nam a2200193 a 4500
001 2981
005 20140414132012.0
008 051130s19uu xx 00 eng d
020 _a0-590-33892-7
050 _aTR
_bC94 1947
100 _aRey, H. A.
245 _aCurious George takes a job /
_cby H. A. Rey.
260 _aNew York :
_bScholastic,
_c1947.
300 _a1 v. p. ; cm.
440 _aCurious George
650 _aJobs
_xFiction.
650 _aChildren stories.
999 _c113300
_d113300